000 00329nam a2200121Ia 4500
008 180117s9999 xx 000 0 und d
100 _aby Robert Requintina
245 4 _aAnd Miss Universe Goes to
260 _c2017
300 _a22-24 pages, 2017 January 29
440 _aPhilippine Panorama
650 _aMISS UNIVERSE GOES TO
999 _c353456
_d353456